|
|
|
|
| LEADER |
00000nam a2200000 a 4500 |
| 001 |
vtls009083113 |
| 003 |
SK-MaSNL |
| 005 |
20260306111843.0 |
| 008 |
070727s2005 xr hob g e 000 0 cze |
| 020 |
|
|
|a 802421525X (viaz.)
|
| 040 |
|
|
|a SNK
|b slo
|c SNK
|e AACR2
|
| 041 |
0 |
|
|a cze
|
| 043 |
|
|
|a e-xr---
|
| 044 |
|
|
|a xr
|c CZ
|
| 072 |
|
7 |
|a 030
|x Všeobecné príručkové diela
|2 konspekt
|
| 080 |
|
|
|a 908(437.3)
|2 2001
|
| 080 |
|
|
|a 94(437.3)
|2 2001
|
| 080 |
|
|
|a (031)
|2 2001
|
| 245 |
0 |
0 |
|a Česko
|b [dějiny, místopis, osobnosti, památky, příroda, umění]
|c hlavní redaktoři Jana Jůzlová, Antonín Kočí, Naďa Špetláková
|
| 246 |
1 |
4 |
|a Česko A-Z
|
| 260 |
|
|
|a V Praze
|b Knižní klub
|c 2005
|
| 300 |
|
|
|a 512 s.
|b erby, faks., fotogr. (prevažne fareb.), mp.,
|c 31 cm
|
| 490 |
1 |
|
|a Universum
|
| 650 |
0 |
7 |
|a Czech Republic
|x history and geography
|2 SNKPHeng
|9 557428
|
| 651 |
|
7 |
|a Česko
|x reálie
|2 SNKPH
|9 557429
|
| 651 |
|
7 |
|a Česko
|x dejiny
|2 SNKPH
|9 58420
|
| 655 |
|
7 |
|a encyklopédie
|2 SNKPH
|9 28776
|
| 655 |
|
7 |
|a Encyclopedias
|2 SNKPHeng
|9 90422
|
| 700 |
1 |
|
|a Jůzlová, Jana,
|d 1974-
|4 red
|9 349820
|
| 700 |
1 |
|
|a Kočí, Antonín
|4 red
|9 277798
|
| 700 |
1 |
|
|a Špetláková, Naďa
|4 red
|9 557430
|
| 830 |
|
0 |
|a Universum (Euromedia Group - Knižní klub)
|9 537116
|
| 919 |
|
|
|a 80-242-1525-X
|
| 999 |
|
|
|c 855222
|d 857152
|
| 952 |
|
|
|t snkCES 94(437.1)(031)
|a SNKUST
|b SNKUST
|y PREZ
|7 0
|p 17A0554807
|o snkIB 71563
|i snk2007/17931
|8 4
|g 61.77
|0 0
|1 0
|4 0
|d 2007-07-27
|l 0
|r 2025-04-29 00:00:00
|w 2026-02-24
|